Crisis epocal: oportunidades y desafíos a la fe y a la iglesia

Saved in:
Bibliografiske detaljer
Institution som forfatter: Sociedad Chilena de Teología (Author)
Format: Bog
Sprog:spansk
Udgivet: Talca Sociedad Chilena de Teología 2007
Fag:
Tags: Tilføj Tag
Ingen Tags, Vær først til at tagge denne postø!

MARC

LEADER 00000cam a2200000 a 4500
001 UCI3938
003 CL-VaPUC
005 20250103100417.0
008 071207e20070000cl 1 spa d
020 |a 9789568686000 
082 0 4 |a 230  |b SOC  |2 21 
110 2 |a Sociedad Chilena de Teología  |e author  |9 621094 
245 1 0 |a Crisis epocal: oportunidades y desafíos a la fe y a la iglesia 
260 |a Talca  |b Sociedad Chilena de Teología  |c 2007 
300 |a 290 p 
583 |a last modification  |c 20191105 01:46:10  |k Rodrigo Vera 
650 0 0 |a Teología cristiana  |9 308336 
650 0 7 |a EVANGELIZACION  |2 CL-VaPUC  |9 621095 
650 0 0 |a Creencia Religiosa  |9 316904 
650 0 0 |a Iglesia Católica  |9 256114 
650 0 0 |a Filosofía cristiana   |9 265980 
650 0 7 |a RELIGION Y CULTURA  |2 CL-VaPUC  |9 316319 
650 0 0 |a Fe  |9 308036 
942 |c BK 
945 |a jtorresc  |d 20071207 00:00:00 
546 |a En Español 
536 |a Sociedad Chilena de Teología 
518 |p Jornada Anual de la Sociedad Chilena de Teología, 17, Talca, 2006 
999 |c 384310  |d 384308 
952 |0 0  |1 0  |4 0  |6 230_000000000000000_SOC_2007  |7 0  |8 A  |9 506959  |a BIBTEO  |b BIBTEO  |d 2020-01-23  |i 4394399  |o 230 SOC 2007  |p 4394399  |r 2025-01-17  |w 2020-01-23  |y BK  |k ICR 
952 |0 0  |1 0  |4 0  |6 230_000000000000000_SOC_2007  |7 0  |8 A  |9 506960  |a BIBTEO  |b BIBTEO  |d 2020-01-23  |i 4394402  |o 230 SOC 2007  |p 4394402  |r 2025-01-17  |w 2020-01-23  |y BK  |k ICR 
952 |0 0  |1 0  |4 0  |6 230_000000000000000_SOC_2007  |7 0  |8 A  |9 506961  |a BIBTEO  |b BIBTEO  |d 2020-01-23  |i 4394410  |o 230 SOC 2007  |p 4394410  |r 2025-01-17  |w 2020-01-23  |y BK  |k ICR 
952 |0 0  |1 0  |4 0  |6 230_000000000000000_SOC_2007  |7 0  |8 A  |9 506962  |a BIBTEO  |b BIBTEO  |d 2020-01-23  |i 4394429  |o 230 SOC 2007  |p 4394429  |r 2025-01-17  |w 2020-01-23  |y BK  |k ICR 
952 |0 0  |1 0  |4 0  |6 230_000000000000000_SOC_2007  |7 0  |8 A  |9 506963  |a BIBTEO  |b BIBTEO  |d 2020-01-23  |i 4395263  |o 230 SOC 2007  |p 4395263  |r 2025-01-17  |w 2020-01-23  |y BK  |k ICR 
952 |0 0  |1 0  |3 erb  |4 0  |6 230_000000000000000_SOC_2007  |7 0  |8 A  |9 506964  |a BIBTEO  |b BIBTEO  |e Casale Rolle, Carlos Ignacio  |i 5174066  |o 230 SOC 2007  |p 5174066  |r 2025-01-17  |w 2020-01-23  |y BK  |z Catalogado en:20150514  |k ICR 
952 |0 0  |1 0  |3 erb  |4 0  |6 230_000000000000000_SOC_2007  |7 0  |8 A  |9 506965  |a BIBTEO  |b BIBTEO  |i 5363047  |o 230 SOC 2007  |p 5363047  |r 2025-01-17  |w 2020-01-23  |y BK  |z Catalogado en:20170303  |k ICR